| 000 | 02403nam0a2200433 4500 | ||
|---|---|---|---|
| 001 | RU\NLR\BIBL_A\016372516 | ||
| 005 | 20260408131850.0 | ||
| 010 |
_a978-5-6048983-9-0 _91000 |
||
| 021 |
_aRU _b2023-26046 _9КН-П-2593 |
||
| 035 | _a(RuMoRGB)011744832 | ||
| 035 | _a(NLR Aleph) 016372516 | ||
| 090 |
_a13186907 _c13186907 |
||
| 100 | _a20230518d2022 |||y0rusy50 ca | ||
| 101 | 0 | _arus | |
| 102 | _aRU | ||
| 105 | _aach z 010zy | ||
| 181 | 0 |
_ab3 _bxb2e |
|
| 181 | 0 |
_ai2 _baxxe |
|
| 182 | 0 | _an | |
| 200 | 1 |
_aПетровская азбука _e[посвящается 350-летию со дня рождения Петра I] _fДепартамент культуры Министерства обороны Российской Федерации, Центральный военно-морской музей имени императора Петра Великого _g[тексты: О. Б. Курносова, А. Д. Малышев, Е. П. Бронникова _gхудожник-иллюстратор: С. Я. Тарасевич] |
|
| 203 |
_aИзображение _aТекст _bвизуальные _cнепосредственные |
||
| 210 |
_aСанкт-Петербург _cЦВММ Минобороны России _d2022 |
||
| 215 |
_a71 с. _cил., цв. ил., портр., факс. _d31 |
||
| 300 | _aАвт. указаны в вып. дан. | ||
| 600 | 0 |
_aПетр _cимператор российский _dI _f1672 - 1725 _jИздания для детей _91224899 _3RU\NLR\AUTH\66180638 |
|
| 607 |
_aРоссия _jИздания для детей _xИстория _z18 в. _9983070 _3RU\NLR\AUTH\6651999 |
||
| 686 | 0 |
_aШ9 _bТ3(2) |
|
| 700 | 1 |
_aКурносова _bО. Б. |
|
| 701 | 1 |
_aМалышев _bА. Д. _gАнатолий Дмитриевич |
|
| 701 | 1 |
_aБронникова _bЕ. П. _gЕвгения Петровна |
|
| 702 | 1 |
_aТарасевич _bС. Я. _4440 |
|
| 702 | 0 |
_4280 _8rus _7ca _aПетр _cимператор российский _dI _f1672-1725 _3RU\NLR\AUTH\778862 _9118743 |
|
| 712 | 0 | 2 |
_4475 _aЦентральный военно-морской музей им. императора Петра Великого _cСанкт-Петербург _3RU\NLR\AUTH\880564712 _9796359 |
| 942 | _cBOOK | ||
| 980 | _aNB | ||